Zgadnij kraj#2 - Statystyki

Ogólne statystyki
  • Ten quiz został rozwiązany 23 razy
  • Średni wynik to 6 z 10
Statystyki odpowiedzi
Pytanie Odpowiedź % Poprawnych
Jakiego kraju prezydentem jest Kim Dzong Un Korea północna
85%
W jakim kraju znajduje się wodospad Siklawa Polska
85%
W jakim kraju odnotowano najwyższą temperaturę powietrza w historii Stany Zjednoczone
80%
Gdzie lezy rzeka Lena Rosja
65%
Stolicą jakiego kraju jest Wellington Nowa Zelandia
55%
Jakie państwo znajduje się na siódmym miejscu pod względem liczby ludności Nigeria
50%
Stolicą jakiego państwa jest Suva Fidżi
40%
W jakim kraju znajduje się wodospad Cataratas las tres Hermanas Peru
40%
Stolicą jakiego państwa jest Apia Samoa
40%
W jakim kraju wynaleziono okulary Włochy
35%
Nie znaleziono quizów pasujących do podanych kryteriów
Rozkład punktacji
Procent ludzi z każdym wynikiem
Percentyl według liczby udzielonych odpowiedzi
Twoja historia wyników
Nie rozwiązałeś tego quizu